Interoduction to environmental economics (Record no. 10146)

MARC details
000 -LEADER
fixed length control field 00585cam a2200217ua 4500
008 - FIXED-LENGTH DATA ELEMENTS--GENERAL INFORMATION
fixed length control field 190906n ii |||gr||||Z||||||eng
020 ## - INTERNATIONAL STANDARD BOOK NUMBER
International Standard Book Number 9780199568734
040 ## - CATALOGING SOURCE
Transcribing agency MAIN
041 ## - LANGUAGE CODE
-- eng
082 ## - DEWEY DECIMAL CLASSIFICATION NUMBER
Classification number 333.7
100 ## - MAIN ENTRY--PERSONAL NAME
Personal name Nick Hanley,
Relator term
245 ## - TITLE STATEMENT
Title Interoduction to environmental economics
Statement of responsibility, etc. By Nick Hanley and outhers
250 ## - EDITION STATEMENT
Edition statement 2nd ed.
260 ## - PUBLICATION, DISTRIBUTION, ETC.
Place of publication, distribution, etc. New Delhi:
Name of publisher, distributor, etc. Oxford university press,
Date of publication, distribution, etc. 2013.
300 ## - PHYSICAL DESCRIPTION
Extent 300p.
700 ## - ADDED ENTRY--PERSONAL NAME
Personal name Jason F Shogren,
Relator term
700 ## - ADDED ENTRY--PERSONAL NAME
Personal name Ben White,
Relator term
942 ## - ADDED ENTRY ELEMENTS (KOHA)
Koha item type Books
653 ## - INDEX TERM--UNCONTROLLED
Uncontrolled term Economics ofland & energy
Holdings
Withdrawn status Lost status Damaged status Not for loan Home library Current library Shelving location Date acquired Total Checkouts Full call number Barcode Date last seen Copy number Price effective from Koha item type
        Central Library, Naharkatiya College Central Library, Naharkatiya College General Stacks 19/09/2020   333.7Environmental economics | HAN 27400 19/09/2020 1 19/09/2020 Books

Naharkatiya College © 2020. All rights reserved.

Powered By